Confieso que he vivido / (Record no. 40611)
[ view plain ]
| 000 -CABECERA | |
|---|---|
| campo de control de longitud fija | 00611nam a2200193 a 4500 |
| 001 - NÚMERO DE CONTROL | |
| campo de control | 000041121 |
| 005 - FECHA Y HORA DE LA ÚLTIMA TRANSACCIÓN | |
| campo de control | 20201002034633.0 |
| 008 - DATOS DE LONGITUD FIJA--INFORMACIÓN GENERAL | |
| campo de control de longitud fija | 130918s19uu xx 001 0 spa d |
| 040 ## - FUENTE DE LA CATALOGACIÓN | |
| Centro catalogador/agencia de origen | DO-SdBNP |
| Lengua de catalogación | spa |
| Centro/agencia transcriptor | BNPHU |
| 082 ## - NÚMERO DE LA CLASIFICACIÓN DECIMAL DEWEY | |
| Número de clasificación | 928.61 |
| Número de documento/Ítem | N454co |
| 100 1# - ENTRADA PRINCIPAL--NOMBRE DE PERSONA | |
| Nombre de persona | Neruda, Pablo, |
| Fechas asociadas al nombre | 1904-1973 |
| 9 (RLIN) | 9164 |
| 245 10 - MENCIÓN DE TÍTULO | |
| Título | Confieso que he vivido / |
| Mención de responsabilidad, etc. | Pablo Neruda. |
| 260 ## - PUBLICACIÓN, DISTRIBUCIÓN, ETC. | |
| Lugar de publicación, distribución, etc. | [s.l.] : |
| Nombre del editor, distribuidor, etc. | s. n., |
| Fecha de publicación, distribución, etc. | [19--?]. |
| 300 ## - DESCRIPCIÓN FÍSICA | |
| Extensión | 493 p. ; |
| Dimensiones | 20 cm. |
| 500 ## - NOTA GENERAL | |
| Nota general | Incluye índice de nombres |
| 600 14 - PUNTO DE ACCESO ADICIONAL DE MATERIA--NOMBRE DE PERSONA | |
| Nombre de persona | NERUDA, PABLO, |
| Fechas asociadas al nombre | 1904-1973 |
| 9 (RLIN) | 9164 |
| 650 #4 - PUNTO DE ACCESO ADICIONAL DE MATERIA--TÉRMINO DE MATERIA | |
| Término de materia o nombre geográfico como elemento de entrada | Autores chilenos |
| Subdivisión cronológica | SIGLO XX |
| Subdivisión general | Biografías |
| 9 (RLIN) | 29604 |
| 910 ## - DATOS DE OPCIÓN DEL USUARIO (OCLC) | |
| Datos de opción del usuario | Validado. Controld de calidad MFF |
| Estado de retiro | Estado de pérdida | Restricciones de uso | No para préstamo | Código de colección | Localización permanente | Ubicación/localización actual | Ubicación en estantería | Fecha de adquisición | Número de inventario | Total de préstamos | Signatura topográfica completa | Código de barras | Fecha visto por última vez | Precio válido a partir de | Tipo de ítem Koha |
|---|---|---|---|---|---|---|---|---|---|---|---|---|---|---|---|
| Excluido de préstamo | Monografías: Libros y Folletos | General | General | Depósito | 18.09.2013 | LF1 | 928.61 N454co | 41121-10 | 25.06.2020 | 25.06.2020 | No se presta |
